<?xml version="1.0" encoding="UTF-8"?><?xml-stylesheet type="text/xsl" href="static/style.xsl"?><OAI-PMH xmlns="http://www.openarchives.org/OAI/2.0/" xmlns:xsi="http://www.w3.org/2001/XMLSchema-instance" xsi:schemaLocation="http://www.openarchives.org/OAI/2.0/ http://www.openarchives.org/OAI/2.0/OAI-PMH.xsd"><responseDate>2026-04-27T21:55:03Z</responseDate><request verb="GetRecord" identifier="oai:uvadoc.uva.es:10324/65545" metadataPrefix="marc">https://uvadoc.uva.es/oai/request</request><GetRecord><record><header><identifier>oai:uvadoc.uva.es:10324/65545</identifier><datestamp>2024-02-02T20:00:55Z</datestamp><setSpec>com_10324_895</setSpec><setSpec>com_10324_931</setSpec><setSpec>com_10324_894</setSpec><setSpec>col_10324_897</setSpec></header><metadata><record xmlns="http://www.loc.gov/MARC21/slim" xmlns:doc="http://www.lyncode.com/xoai" xmlns:xsi="http://www.w3.org/2001/XMLSchema-instance" xmlns:dcterms="http://purl.org/dc/terms/" xsi:schemaLocation="http://www.loc.gov/MARC21/slim http://www.loc.gov/standards/marcxml/schema/MARC21slim.xsd">
<leader>00925njm 22002777a 4500</leader>
<datafield tag="042" ind1=" " ind2=" ">
<subfield code="a">dc</subfield>
</datafield>
<datafield tag="720" ind1=" " ind2=" ">
<subfield code="a">Vicente Blanco, Dámaso Francisco Javier</subfield>
<subfield code="e">author</subfield>
</datafield>
<datafield tag="260" ind1=" " ind2=" ">
<subfield code="c">2020</subfield>
</datafield>
<datafield tag="520" ind1=" " ind2=" ">
<subfield code="a">El trabajo analiza la propuesta de reforma de la normativa española relativa a la discapacidad intelectual en los aspectos de Derecho internacional privado y resalta el fundamental cambio experimentado en los últimos tiempos en la concepción de la materia del tratamiento jurídico de los adultos, incluidas las personas mayores, y de la discapacidad intelectual , un cambio que tiene que ver con la incorporación de los derechos fundamentales y los derechos humanos también en el Derecho privado</subfield>
</datafield>
<datafield tag="024" ind2=" " ind1="8">
<subfield code="a">Contribuciones para una reforma de la discapacidad: Un análisis transversal del apoyo jurídico a la discapacidad / coord. por Esther Muñiz Espada, 2020, ISBN 978-84-9020-982-0, págs. 433-460</subfield>
</datafield>
<datafield tag="024" ind2=" " ind1="8">
<subfield code="a">978-84-9020-982-0</subfield>
</datafield>
<datafield tag="024" ind2=" " ind1="8">
<subfield code="a">https://uvadoc.uva.es/handle/10324/65545</subfield>
</datafield>
<datafield tag="024" ind2=" " ind1="8">
<subfield code="a">433</subfield>
</datafield>
<datafield tag="024" ind2=" " ind1="8">
<subfield code="a">460</subfield>
</datafield>
<datafield tag="024" ind2=" " ind1="8">
<subfield code="a">Contribuciones para una reforma de la discapacidad: Un análisis transversal del apoyo jurídico a la discapacidad</subfield>
</datafield>
<datafield ind1=" " ind2=" " tag="653">
<subfield code="a">Derecho Internacional Privado</subfield>
</datafield>
<datafield ind1=" " ind2=" " tag="653">
<subfield code="a">Derecho de la ancianidad</subfield>
</datafield>
<datafield tag="245" ind1="0" ind2="0">
<subfield code="a">Cuestiones sobre derecho internacional privado en el anteproyecto de Ley de reforma del Código Civil en materia de discapacidad y los convenios de La Haya</subfield>
</datafield>
</record></metadata></record></GetRecord></OAI-PMH>